00715cam a22002293a 45000010005000000030006000050050017000110080041000280400015000690420007000840500007000911000033000982450095001312600029002265060030002555160020002856530033003056530039003386530039003778300028004168560041004447251PGUSA20140828083142.0050101s2005||||xxu|||||s|||||000 1 eng d aPGUSAbeng adc 4aPS1 aHolley, Marietta,d1836-192610aSweet Cicely — or Josiah Allen as a Politicianh[electronic resource] /cMarietta Holley bProject Gutenberg,c2005 aPublic domain in the USA. aElectronic text aWomen -- Suffrage -- Fiction aTemperance and religion -- Fiction aMethodist Church (U.S.) -- Fiction 0aProject Gutenbergv725140uhttp://www.gutenberg.org/ebooks/7251